| 000 | 00488 a2200157 4500 | ||
|---|---|---|---|
| 001 | 92665 | ||
| 020 | _a0-470-84308-X | ||
| 082 | _a621.38413/VAR | ||
| 090 |
_c44531 _d44532 |
||
| 100 | _aVijay k.Varadan, K.J. Vinoy, K.a.Jose | ||
| 245 | _aRF MEMS and their Applications | ||
| 260 |
_aEngland _bJohn Wiley & sons _c2003 |
||
| 300 | _axii,394p. | ||
| 500 | _aMS textbook Avionics | ||
| 740 | _aradio circuits- equipment and supplies; microelectromechanical systems; microwave | ||
| 942 |
_aCAE NUST _cAV _k621.38413/VAR |
||
| 999 |
_c327738 _d327738 |
||